MARC details
| 000 -CABECERA |
| campo de control de longitud fija |
01081nam a2200277 a 4500 |
| 005 - FECHA Y HORA DE LA ÚLTIMA TRANSACCIÓN |
| campo de control |
20210223124534.0 |
| 008 - ELEMENTOS DE LONGITUD FIJA--INFORMACIÓN GENERAL |
| campo de control de longitud fija |
020116s2000 r 000 0 eng d |
| 020 ## - NÚMERO INTERNACIONAL NORMALIZADO PARA LIBROS |
| Número Internacional Estándar del Libro |
8426712894 |
| 035 ## - NÚMERO DE CONTROL DEL SISTEMA |
| Número de control de sistema |
UPN01000114605 |
| 049 ## - COLECCIÓN |
| Colección |
CG |
| 050 #4 - SIGNATURA TOPOGRÁFICA DE LA BIBLIOTECA DEL CONGRESO |
| Número de clasificación |
Z253.532 A3 |
| Número de documento/Ítem |
B6.28 |
| 100 1# - ASIENTO PRINCIPAL--NOMBRE PERSONAL |
| Nombre de persona |
Borges, Malte |
| 245 10 - MENCIÓN DE TÍTULO |
| Título |
Adobe In Design 1.5 / |
| Mención de responsabilidad, etc. |
Malte Borges, Tanja Hirt, Angela Wulf ; tr. Virginia Pérez Moreno. |
| 260 ## - PUBLICACIÓN, DISTRIBUCIÓN, ETC. |
| Lugar de publicación, distribución, etc. |
Barcelona, Esp. |
| Nombre del editor, distribuidor, etc. |
Marcombo, |
| Fecha de publicación, distribución, etc. |
c2000. |
| 300 ## - DESCRIPCIÓN FÍSICA |
| Extensión |
767 p. + |
| Material acompañante/anejo |
1 CD-ROM ; 4 3/4 plg. |
| 440 #0 - MENCIÓN DE SERIE/ASIENTO SECUNDARIO--TÍTULO |
| Título |
Gran Libro |
| 500 ## - NOTA GENERAL |
| Nota general |
"Toda la infomación sobre InDesign 1.5 para Windows y Macintosh" |
| 505 8# - NOTA DE CONTENIDO CON FORMATO PREESTABLECIDO |
| Información miscelánea |
Contenido del CD-ROM: Archivos de ejemplo de todos los proyectos básicos. Versión Tryout de InDesign 1.5. Acrobat Reader para Windows. Software demo. |
| 534 ## - NOTA SOBRE LA VERSIÓN ORIGINAL |
| Frase introductoria |
Traducción de: |
| Mención de título del original |
Adobe InDesign 1.5 insider. |
| 650 #4 - ASIENTO SECUNDARIO DE MATERIA - TERMINO TEMATICO |
| Término de materia o nombre geográfico como elemento de entrada |
ADOBE INDESIGN (PROGRAMA PARA COMPUTADORA) |
| 9 (RLIN) |
619 |
| 650 #4 - ASIENTO SECUNDARIO DE MATERIA - TERMINO TEMATICO |
| Término de materia o nombre geográfico como elemento de entrada |
AUTOEDICION POR COMPUTADORA |
| 9 (RLIN) |
15815 |
| 700 1# - ASIENTO SECUNDARIO--NOMBRE DE PERSONAL |
| Nombre de persona |
Hirt, Tanja, |
| Término indicativo de función/relación |
coaut. |
| 700 1# - ASIENTO SECUNDARIO--NOMBRE DE PERSONAL |
| Nombre de persona |
Wulf, Angela, |
| Término indicativo de función/relación |
coaut. |
| 700 1# - ASIENTO SECUNDARIO--NOMBRE DE PERSONAL |
| Nombre de persona |
Pérez Moreno, Virginia, |
| Término indicativo de función/relación |
tr. |
| 905 ## - TIPO DE MATERIAL |
| Tipo de material |
Libro |